|
|
|
|
| LEADER |
00000cam a2200000 a 4500 |
| 001 |
vtls001393600 |
| 003 |
SK-MaSNL |
| 005 |
20260331204151.0 |
| 008 |
251113s1999 xo ab r 00000 pol |
| 015 |
|
|
|a SNBE2000/03-01240
|
| 020 |
|
|
|a 8096754793
|
| 035 |
|
|
|a SNK000347913
|
| 040 |
|
|
|a SNK
|b slo
|c SNK
|e AACR2
|
| 041 |
1 |
|
|a pol
|h slo
|
| 044 |
|
|
|a xo
|c SK
|
| 080 |
|
|
|a 908.437.678(083.9)=84
|2 1981
|
| 080 |
|
|
|a 796.5
|2 1981
|
| 100 |
1 |
|
|a Lacika, Ján,
|d 1956-
|4 ctg
|4 pht
|9 101502
|
| 245 |
1 |
0 |
|a Spisz
|b [przewodnik turystyczny]
|c Ján Lacika ; [przekład: Ryszard Juchniewicz ; fotografie: Ladislav Deneš ... [et al.] ; autor tras wędrówek pieszych: Ján Lacika ; autor tras rowerowych: Ján Hanušin ; mapy: Vojenský kartografický ústav, š.p., Harmanec ; mapy panoramiczne: Sittour, s.r.o., Banská Bystrica ; plany miast: Kartanova, s.r.o., Bratislava]
|
| 260 |
|
|
|a [Bratislava]
|b Dajama
|c 1999
|
| 300 |
|
|
|a 135 s.
|b inform., fareb. fotogr., mp., pl., rekl., tab.
|c 20x13 cm
|
| 490 |
1 |
|
|a Poznajemy Słowację
|
| 651 |
|
7 |
|a Spiš (Slovensko : región)
|2 SNKPHgeo
|9 17692
|
| 655 |
|
7 |
|a informačné publikácie
|2 SNKPH
|9 70181
|
| 700 |
1 |
|
|a Deneš, Ladislav
|4 pht
|9 283841
|
| 700 |
1 |
|
|a Huba, Mikuláš,
|d 1891-1981
|4 pht
|9 153731
|
| 700 |
1 |
|
|a Janiga, Ladislav,
|d 1944-
|4 pht
|9 117664
|
| 700 |
1 |
|
|a Plesník, Pavol,
|d 1920-2009
|4 pht
|9 114603
|
| 700 |
1 |
|
|a Vážny, Miroslav
|4 pht
|9 295729
|
| 700 |
1 |
|
|a Juchniewicz, Ryszard
|4 trl
|9 295730
|
| 710 |
0 |
|
|a Vojenský kartografický ústav (Harmanec, Slovensko)
|4 ctg
|9 32777
|
| 710 |
0 |
|
|a Sittour Banská Bystrica, Slovensko
|4 ctg
|9 295731
|
| 710 |
0 |
|
|a Kartanova Bratislava, Slovensko
|4 ctg
|9 295732
|
| 830 |
|
0 |
|a Poznajemy Słowację
|9 295733
|
| 852 |
|
|
|a Slovenská národná knižnica
|
| 919 |
|
|
|a 80-967547-9-3
|
| 958 |
|
|
|a CMP
|
| 958 |
|
|
|a TL
|
| 999 |
|
|
|c 723849
|d 725779
|
| 952 |
|
|
|t P60, <03>, [BOOK], {603}
|a SNK
|b SNK
|y PREZ
|7 0
|p 17A0247109
|o snkSD 70968
|i snkKSP 7710/2000
|0 0
|1 0
|4 0
|d 2000-07-31
|l 0
|r 2005-01-02 00:00:00
|w 2026-02-23
|
| 952 |
|
|
|t P60, <04>, [BOOK], {604}
|a SNK
|b SNK
|y VYP
|7 0
|p 17A0247110
|o snkSD 70968 D1
|i snkKSP 7711/2000
|0 0
|1 0
|4 0
|d 2000-07-31
|l 0
|r 2005-01-02 00:00:00
|w 2026-02-23
|